Hamilton Lyrics Sort #9 - A Winter's Ball - Statistics

General Stats
  • This quiz has been taken 20 times
  • The average score is 16 of 22
Answer Stats
Hint Answer % Correct
Line 1 How does a bastard, orphan, son of a whore
100%
Line 2 Go on and on, grow into more of a phenomenon?
92%
Line 8 But what do we have in common?
77%
Line 22 Hey, hey, hey, hey. hey, hey, hey, hey, hey, hey, hey
77%
Line 12 Ladies! [2]
77%
Line 14 Ladies! [3]
77%
Line 11 There are so many to deflower!
77%
Line 3 Watch this obnoxious, arrogant, loudmouth bother
77%
Line 9 We're reliable with the
77%
Line 18 1780, a winter's ball
69%
Line 19 And the Schuyler sisters are the envy of all
69%
Line 4 Be seated at the right hand of the father
69%
Line 6 But Hamilton still wants to fight, not write
69%
Line 21 Is it a question of if, Burr, or which one?
69%
Line 10 Ladies! [1]
69%
Line 13 Looks! Proximity to power
69%
Line 16 Martha Washington named her feral tomcat after him
69%
Line 7 Now Hamilton's skill with a quill is undeniable
69%
Line 17 (That's true)
69%
Line 5 Washington hires Hamilton right on sight
69%
Line 20 Yo, if you could marry a sister, you're rich, son
69%
Line 15 They delighted and distracted him
62%
No matching quizzes found
Score Distribution
Percent of People with Each Score
Percentile by Number Answered
Your Score History
You have not taken this quiz